<?xml version="1.0" encoding="UTF-8"?>
<marc:record xmlns:marc="http://www.loc.gov/MARC21/slim">
   <marc:leader>00000nam a2200000 a 4500</marc:leader>
   <marc:datafield ind1="1" ind2=" " tag="100">
      <marc:subfield code="a">Murray, Struan</marc:subfield>
      <marc:subfield code="4">aut</marc:subfield>
      <marc:subfield code="e">Verfasser/-in</marc:subfield>
   </marc:datafield>
   <marc:datafield ind1=" " ind2=" " tag="653">
      <marc:subfield code="a">Fantasybücher ab 12</marc:subfield>
   </marc:datafield>
   <marc:datafield ind1=" " ind2=" " tag="653">
      <marc:subfield code="a">Drachen-Fantasy ab 12</marc:subfield>
   </marc:datafield>
   <marc:datafield ind1=" " ind2=" " tag="653">
      <marc:subfield code="a">Gestaltwandler Drachen</marc:subfield>
   </marc:datafield>
   <marc:datafield ind1=" " ind2=" " tag="653">
      <marc:subfield code="a">Magische Kinderbücher</marc:subfield>
   </marc:datafield>
   <marc:datafield ind1=" " ind2=" " tag="653">
      <marc:subfield code="a">Kinderbücher mit Drachen</marc:subfield>
   </marc:datafield>
   <marc:datafield ind1=" " ind2=" " tag="653">
      <marc:subfield code="a">Drachenbücher für Kinder</marc:subfield>
   </marc:datafield>
   <marc:datafield ind1=" " ind2=" " tag="653">
      <marc:subfield code="a">Eragon Christopher Paolini</marc:subfield>
   </marc:datafield>
   <marc:datafield ind1=" " ind2=" " tag="653">
      <marc:subfield code="a">Spannende Fantasyabenteuer</marc:subfield>
   </marc:datafield>
   <marc:datafield ind1=" " ind2=" " tag="653">
      <marc:subfield code="a">Nachtsilber Anneliese Avery</marc:subfield>
   </marc:datafield>
   <marc:datafield ind1=" " ind2=" " tag="653">
      <marc:subfield code="a">Drachen Fantasy Kinderbücher</marc:subfield>
   </marc:datafield>
   <marc:datafield ind1=" " ind2=" " tag="653">
      <marc:subfield code="a">Wings of Fire Tui T. Sutherland</marc:subfield>
   </marc:datafield>
   <marc:datafield ind1=" " ind2=" " tag="653">
      <marc:subfield code="a">Spannende Drachenreihe ab 12 Jahren</marc:subfield>
   </marc:datafield>
   <marc:datafield ind1=" " ind2=" " tag="653">
      <marc:subfield code="a">Gwin und das Herz des Drachen Verena Maier</marc:subfield>
   </marc:datafield>
   <marc:datafield ind1=" " ind2=" " tag="653">
      <marc:subfield code="a">Abenteuergeschichten für Kinder ab 12 Jahren</marc:subfield>
   </marc:datafield>
   <marc:datafield ind1="0" ind2="0" tag="245">
      <marc:subfield code="a">Dragonborn (Band 1) - Das Erbe des Feuers</marc:subfield>
   </marc:datafield>
   <marc:datafield ind1="0" ind2="0" tag="245">
      <marc:subfield code="b">Actionreiches Drachen-Fantasy-Highlight ab 12 Jahren - Mit edlem Farbschnitt in der 1. Auflage</marc:subfield>
   </marc:datafield>
   <marc:datafield ind1="0" ind2="0" tag="245">
      <marc:subfield code="c">Murray, Struan</marc:subfield>
   </marc:datafield>
   <marc:datafield ind1=" " ind2="1" tag="264">
      <marc:subfield code="a">Bindlach</marc:subfield>
      <marc:subfield code="b">Loewe</marc:subfield>
      <marc:subfield code="c">2026</marc:subfield>
   </marc:datafield>
   <marc:datafield ind1="1" ind2=" " tag="490">
      <marc:subfield code="a">Dragonborn</marc:subfield>
      <marc:subfield code="v">1</marc:subfield>
   </marc:datafield>
   <marc:datafield ind1="1" ind2=" " tag="520">
      <marc:subfield code="a">Loewe-Bücher: garantiert ohne KI&#xD;
  &#xD;
&#xD;
  &#xD;
Wenn das Feuer in dir erwacht … &#xD;
  &#xD;
Als Alex‘ brodelnde Gefühle plötzlich ungeahnte Fähigkeiten in ihr wecken, wird ihr Leben völlig auf den Kopf gestellt: Alex ist ein Drache. Auf der legendären Insel Skralla soll sie nun mit anderen Drachenwandlern lernen, ihre Kräfte zu kontrollieren. Doch Alex muss noch viel über ihr Erbe lernen und hat große Schwierigkeiten dabei, sich zu verwandeln. Und kaum hat sie sich auf der Akademie eingefunden, da erhebt sich eine ungeahnte dunkle Macht. Drak Midna, der größte Drache von allen, plant die Auslöschung aller Menschen … &#xD;
  &#xD;
&#xD;
  &#xD;
Der Auftakt der mitreißenden Drachenfantasy &#xD;
Eine aufregende und mitreißend erzählte Fantasy-Reihe für Kinder ab 12 Jahren. Drachengestaltwandler, eine Akademie auf einer sagenumwobenen Insel und ein dunkles Geheimnis – eine Geschichte, die man nicht mehr aus der Hand legen kann! Mit opulent gestaltetem Vor- und Nachsatz und Farbschnitt in der ersten Auflage. &#xD;
  &#xD;
&#xD;
  &#xD;
Warum sind Coming-of-Age-Abenteuer über Drachen und mit starken Identifikationsfiguren so beliebt? &#xD;
  &#xD;
 &#xD;
   &#xD;
   Unerwartete Wendungen: Ein actionreiches Abenteuer, das Leser*innen mit vielen Wendungen und der packenden Erzählstimme in den Bann zieht. &#xD;
   Drachenwandler: Entdecke zusammen mit Alex ihre verborgenen Fähigkeiten! &#xD;
   Vielschichtige Charaktere: Eine starke Protagonistin, die sich selbst noch finden muss, und liebenswerte Figuren, deren Diversität der Geschichte hohes Identifikationspotenzial verleiht. &#xD;
   Leseförderung durch Antolin: Der Titel ist bei Antolin gelistet und fördert spielerisch die Lesekompetenz.</marc:subfield>
   </marc:datafield>
   <marc:datafield ind1=" " ind2=" " tag="020">
      <marc:subfield code="a">9783743224148</marc:subfield>
      <marc:subfield code="9">9783743224148</marc:subfield>
   </marc:datafield>
   <marc:datafield ind1=" " ind2=" " tag="020">
      <marc:subfield code="a">3743224143</marc:subfield>
      <marc:subfield code="9">3743224143</marc:subfield>
   </marc:datafield>
   <marc:datafield ind1=" " ind2=" " tag="041">
      <marc:subfield code="a">ger</marc:subfield>
   </marc:datafield>
   <marc:datafield ind1="0" ind2=" " tag="490">
      <marc:subfield code="v">1</marc:subfield>
   </marc:datafield>
   <marc:datafield ind1=" " ind2=" " tag="338">
      <marc:subfield code="a">Band</marc:subfield>
   </marc:datafield>
   <marc:datafield ind1=" " ind2=" " tag="300">
      <marc:subfield code="a">400 Seiten</marc:subfield>
   </marc:datafield>
</marc:record>
